| 000 | 00674nam a2200205Ia 4500 | ||
|---|---|---|---|
| 003 | IN-BaIIA | ||
| 008 | 211028s9999 xx 000 0 eng d | ||
| 040 | _cIIA Library | ||
| 080 |
_a[8]:01:00 _bMAJ-I |
||
| 245 | 0 |
_aS N Bose: the man and his work _bpart 1, Collected Scientific Papers _cedited by C. K. Majumdar, P. Ghose and E. Chatterjee |
|
| 260 |
_aCalcutta _bSN Bose National Centre for Basic Sciences _c1994 |
||
| 300 | _a336p. | ||
| 650 |
_aBose statistics _97793 |
||
| 650 |
_aClassical Mechanics _91541 |
||
| 650 |
_aSpectroscopy _91535 |
||
| 700 |
_aChatterjee,E., ed. _926435 |
||
| 700 |
_aGhose,P., ed. _921198 |
||
| 700 | _aMajumdar,C. K., ed. | ||
| 942 | _cBK | ||
| 999 |
_c14745 _d14745 |
||